NLSUI OPAC header image

Industrial and labour laws (Record no. 8026)

MARC details
000 -LEADER
fixed length control field 00411nam a2200157Ia 4500
008 - FIXED-LENGTH DATA ELEMENTS--GENERAL INFORMATION
fixed length control field 160316s1994 xxu||||| |||| 00| 0 eng d
082 ## - DEWEY DECIMAL CLASSIFICATION NUMBER
Classification number 344.010000
Item number BHA
100 ## - MAIN ENTRY--PERSONAL NAME
Personal name Bhargava V B
245 ## - TITLE STATEMENT
Title Industrial and labour laws
250 ## - EDITION STATEMENT
Edition statement
260 ## - PUBLICATION, DISTRIBUTION, ETC.
Place of publication, distribution, etc. Lucknow
Name of publisher, distributor, etc. Vinod Law Publications
Date of publication, distribution, etc. 1994
300 ## - PHYSICAL DESCRIPTION
Extent 494p
Other physical details
Dimensions
365 ## - TRADE PRICE
Price amount Rs.300/-
650 ## - SUBJECT ADDED ENTRY--TOPICAL TERM
Topical term or geographic name entry element 1.Industrial Law - Labour Law
700 ## - ADDED ENTRY--PERSONAL NAME
Personal name Bhargava Anita
--
Holdings
Withdrawn status Lost status Damaged status Not for loan Home library Current library Shelving location Date acquired Cost, normal purchase price Total Checkouts Full call number Barcode Date last seen Price effective from Koha item type
        . . Library Compactors 30.05.2017 300.00   344.01 BHA 8274 30.05.2017 30.05.2017 BOOKs